ბათუმის შოთა რუსთაველის სახელმწიფო უნივერსიტეტის ბიბლიოთეკა

თავის ტვინის დიდი ჰემისფეროების ნატიფი ციტოარქიტექტონიკის შესწავლისათვის ფილოგენეზში / (ბიბ.ჩანაწერი № 62879)

000 -ლიდერი
ფიქსირებული სიგრძის საკონტროლო ველი 01878nam a22002537a 4500
003 - საკონტროლო ნომრის იდენტიფიკატორი
საკონტროლო ველი Ge_BSU
005 - ბოლო ოპერაციის თარიღი და დრო
საკონტროლო ველი 20250314111555.0
008 - ფიქსირებული სიგრძის მონაცემთა ელემენტები - ზოგადი ინფორმაცია
ფიქსირებული სიგრძის საკონტროლო ველი 250314s1963 ge ||||| |||| 00| 0 geo d
041 ## - ენის კოდი
Language code of text/sound track or separate title geo
080 ## - უნივერსალური ათობითი კლასიფიკაციის ინდექსი
Universal Decimal Classification number 611.81 თ-19
245 ## - ცნობა სათაურის შესახებ
Title თავის ტვინის დიდი ჰემისფეროების ნატიფი ციტოარქიტექტონიკის შესწავლისათვის ფილოგენეზში /
Statement of responsibility, etc ავტ: ვლ. ჟღენტი, უ. გაბუნია, გ. ვადაჭკორია, ლ. გაჩეჩილაძე ; საქ. სსრ მეცნ. აკად., ალ. ნათიშვილის სახ. ექსპერიმ. მორფოლოგიის ინ-ტი.
264 ## - წარმოების, გამოცემის, დისტრიბუციის და სხვა ცნობები
გამოცემის, წარმოების, დისტრიბუციის... ადგილი თბილისი :
გამოცემის, წარმოების, დისტრიბუციის... სახელწოდება საქ. სსრ მეცნ. აკად.გამ-ბა,
გამოცემის, წარმოების, დისტრიბუციის... თარიღი 1963.
300 ## - ფიზიკური აღწერა
Extent 106 გვ. :
Other physical details 12 ფურც. ილ. ;
Dimensions 22 სმ.
504 ## - BIBLIOGRAPHY, ETC. NOTE
Bibliography, etc ბიბლიოგრაფია: გვ. 95-105.
520 ## - SUMMARY, ETC.
Summary, etc რეზიუმე რუსულ ენაზე.
653 ## - INDEX TERM--UNCONTROLLED
Uncontrolled term თავის ტვინის დიდი ჰემისფეროები
653 ## - INDEX TERM--UNCONTROLLED
Uncontrolled term მედიცინა
700 ## - ADDED ENTRY--PERSONAL NAME
Personal name ჟღენტი, ვლ.
Relator term ავტორი
9 (RLIN) 22357
700 ## - ADDED ENTRY--PERSONAL NAME
Personal name გაბუნია, უ.,
Relator term ავტორი
9 (RLIN) 24558
700 ## - ADDED ENTRY--PERSONAL NAME
Personal name ვადაჭკორია, გ.
Relator term ავტორი
9 (RLIN) 2770
700 ## - ADDED ENTRY--PERSONAL NAME
Personal name გაჩეჩილაძე, ლ.
Relator term ავტორი
9 (RLIN) 9835
710 ## - ADDED ENTRY--CORPORATE NAME
Corporate name or jurisdiction name as entry element საქართველოს სსრ მეცნიერებათა აკადემია. ალ. ნათიშვილის სახ. ექსპერიმენტული მორფოლოგიის ინსტიტუტი.
9 (RLIN) 24511
942 ## - ADDED ENTRY ELEMENTS (KOHA)
Source of classification or shelving scheme
Koha item type წიგნი
ეგზემპლარები
ჩამოწერის სტატუსი დაკარგული ეგზემპლარის სტატუსი კლასიფიკაციის წყარო ან თაროზე გაწყობის სქემა დაზიანების სტატუსი არ გაიცემა მუდმივი მდებარეობა (დაცვის ადგილი) ამჟამინდელი ადგილსამყოფელი თაროზე განთავსების ადგილი შეძენის თარიღი ღირებულება, შესყიდვის ნორმალური ფასი სრული შენახვის შიფრი შტრიხკოდი ბოლო ოპერაციის თარიღი ეგზემპლარის მიმდევრობითი ნომერი (კეტერი?) ფასის ძალაში შესვლის თარიღი ეგზემპლარის სახეობა საჯარო შენიშვნა
          ბათუმის შოთა რუსთაველის სახელმწიფო უნივერსიტეტის მთავარი ბიბლიოთეკა ბათუმის შოთა რუსთაველის სახელმწიფო უნივერსიტეტის მთავარი ბიბლიოთეკა წიგნსაცავი 2025-03-14 0.50 611.81 თ-19 70834 2025-03-14 70834 2025-03-14 წიგნი 0.50 თ.
          ბათუმის შოთა რუსთაველის სახელმწიფო უნივერსიტეტის მთავარი ბიბლიოთეკა ბათუმის შოთა რუსთაველის სახელმწიფო უნივერსიტეტის მთავარი ბიბლიოთეკა წიგნსაცავი 2025-03-14 0.50 611.81 თ-19 70835 2025-03-14 70835 2025-03-14 წიგნი 0.50 თ.